Prísady do polymérnych materiálov.
Uložené v:
| Médium: | Kniha |
|---|---|
| Jazyk: | Slovak |
| Vydané: |
Bratislava :
Dom techniky Československej vedeckotechnickej spoločnosti,
1983.
|
| Vydanie: | 1. vyd. |
| ISBN: |
(brož.) |
| Fyzický popis: |
247 s. |
| Tagy: |
Pridať tag
Žiadne tagy, Buďte prvý kto otaguje tento záznam!
|
Titul je dostupný aj v ... 

MARC
| LEADER | 00000nam a22000004a 4500 | ||
|---|---|---|---|
| 001 | 000414421 | ||
| 005 | 20130103194213.0 | ||
| 008 | 130103s1983 xo e 000 0 slo d | ||
| 020 | |a (brož.) |c Kčs 40,00 | ||
| 040 | |a SVKKK |b slo |c SVKKK |e AACR2 | ||
| 041 | 0 | |a slo | |
| 044 | |a xo |c SK | ||
| 245 | 0 | 0 | |a Prísady do polymérnych materiálov. |
| 250 | |a 1. vyd. | ||
| 260 | |a Bratislava : |b Dom techniky Československej vedeckotechnickej spoločnosti, |c 1983. | ||
| 300 | |a 247 s. | ||
| 910 | |a svkkk | ||
| 998 | |a BK | ||
| 090 | |g SCKHL |k Sklad Pribinova 2. posch. |a II.301852 |j 693908 |i B278051 |s Absenčne | ||